| 000 | 00430nam a2200169Ia 4500 | ||
|---|---|---|---|
| 005 | 20250423101157.0 | ||
| 008 | 250422s9999 xx 000 0 und d | ||
| 020 | _a006460418 | ||
| 050 | _aTX 335 .C684/ | ||
| 245 | 4 | _aThe better business bureau guide to wise buying | |
| 260 | _aNew York | ||
| 260 | _bBarnes & Noble | ||
| 260 | _c1980 | ||
| 300 | _a384 p | ||
| 650 | _aConsumer Education Consumer Protection | ||
| 942 | _cBK | ||
| 999 |
_c35525 _d35525 |
||